Statistics for Objects by Picture - A

Click here to take the quiz!

General Stats

  • This quiz has been taken 575 times
  • The average score is 13 of 15

Answer Stats

Answer% Correct
Apple
99%
Ant
96%
Airplane
93%
Archery / Arrow
92%
Astronaut
91%
Avocado
90%
Angel
87%
Ace
86%
Axe
86%
Alphabet
85%
Ankle
82%
Anchor
80%
Acorn
79%
Abacus
66%
Ark
66%

Score Distribution

Percentile by Number Answered

Percent of People with Each Score

Your Score History

You have not taken this quiz